Проблемы и тенденции развития инновационной экономики: международный опыт и российская практика. Т. 1 (Запись № 10813410)

Подробности
000 -МАРКЕР
контрольное поле 02334nam2a2200265 4500
001 - ИДЕНТИФИКАТОР ЗАПИСИ
контрольное поле RU\NLR\BIBL_A\011574196
005 - ИДЕНТИФИКАТОР ВЕРСИИ
контрольное поле 20250626093928.0
010 ## - МЕЖДУНАРОДНЫЙ СТАНДАРТНЫЙ НОМЕР КНИГИ (ISBN)
Номер (ISBN) 978-5-7831-1549-3
Уточнения т. 1
Тираж 100
021 ## - НОМЕР ГОСУДАРСТВЕННОЙ РЕГИСТРАЦИИ
Код страны Российская Федерация
Номер 2017-92726
Номер Листа государственной регистраци 6644
035 ## - ДРУГИЕ СИСТЕМНЫЕ НОМЕРА
Идентификатор записи (RuMoRGB)009474509
035 ## - ДРУГИЕ СИСТЕМНЫЕ НОМЕРА
Идентификатор записи (NLR Aleph) 011574196
100 ## - ДАННЫЕ ОБЩЕЙ ОБРАБОТКИ
Данные общей обработки 20171225d2017 |||y0rusy50 ca
101 0# - ЯЗЫК РЕСУРСА
Язык текста, звукозаписи и т.д. русский
102 ## - СТРАНА ПУБЛИКАЦИИ ИЛИ ПРОИЗВОДСТВА
Страна публикации Российская Федерация
105 ## - ПОЛЕ КОДИРОВАННЫХ ДАННЫХ: ТЕКСТОВЫЕ МАТЕРИАЛЫ, МОНОГРАФИЧЕСКИЕ
Кодированные данные о монографическом текстовом документе a z 000zy
200 0# - ЗАГЛАВИЕ И СВЕДЕНИЯ ОБ ОТВЕТСТВЕННОСТИ
Основное заглавие Т. 1
210 ## - ПУБЛИКАЦИЯ, РАСПРОСТРАНЕНИЕ И ДР.
Дата издания, распространения и т.д. 2017
Место издания, распространения и т.д. Б. м.
215 ## - ФИЗИЧЕСКАЯ ХАРАКТЕРИСТИКА
Специфическое обозначение материала и объем 305 с.
Другие сведения о физической характеристике ил., табл.
320 ## - ПРИМЕЧАНИЯ О НАЛИЧИИ В ДОКУМЕНТЕ БИБЛИОГРАФИИ / УКАЗАТЕЛЯ
Текст примечания Библиогр. в конце ст.
461 #0 - УРОВЕНЬ НАБОРА
Встроенное поле 001RU\NLR\BIBL_A\011574193
-- 2001#$aПроблемы и тенденции развития инновационной экономики: международный опыт и российская практика$eматериалы VI Международной научно-практической конференции, 31 октября 2017 года$e[в 2 т.]$fМинистерство образования и науки Российской Федерации, Федеральное государственное бюджетное образовательное учреждение высшего образования "Уфимский государственный нефтяной технический университет"$g[редакционная коллегия: Т. Б. Лейберт (отв. редактор) и др.]$vТ. 1
Системный номер (АБИС) связанной записи 10813396
Место публикации Уфа
Дата публикации 2017
Первые сведения об ответственности Министерство образования и науки Российской Федерации, Федеральное государственное бюджетное образовательное учреждение высшего образования "Уфимский государственный нефтяной технический университет"
Имя издателя, распространителя и т.д. Изд-во УГНТУ
Сведения, относящиеся к заглавию материалы VI Международной научно-практической конференции, 31 октября 2017 года : [в 2 т.]
Заглавие Проблемы и тенденции развития инновационной экономики: международный опыт и российская практика
ISBN 9785783115486
Номер тома Т. 1
942 ## - ДОПОЛНИТЕЛЬНЫЕ ЭЛЕМЕНТЫ ЗАПИСИ (АБИС)
Тип экземпляра АБИС Книга
980 ## - КОЛЛЕКЦИЯ
Название коллекции Национальная библиография
Экземпляры
Тип экземпляра Дата поступления Библиотека постоянного хранения Библиотека текущего хранения Место хранения Шифр хранения Штрих-код Статус экземпляра
Книга 25.12.2017 РНБ (Московский) РНБ (Московский) Русский книжный фонд: издания с 1957 года 2017-3/35679 1-2139682  
Книга 25.12.2017 РНБ (Московский) РНБ (Московский) Русский книжный фонд: издания с 1957 года 2017-3/35679 1-2139686